Biblioteca

Don Goyo / Demetrio Aguilera Malta (Registro nro. 40396)

Detalles MARC
000 -LÍDER
Campo fijo de descripción fija 003040000a22001330004500
041 0# - CÓDIGO DE IDIOMA
Código de idioma para texto/pista de sonido o título separado
082 04 - NÚMERO DE CLASIFICACIÓN DECIMAL DEWEY
Número de clasificación G 863 A2846d
001 - NÚMERO DE CONTROL
Campo de control 11023
100 1# - ASIENTO PRINCIPAL--NOMBRE PERSONAL
Nombre personal Aguilera Malta, Demetrio (1909-)
245 10 - TÍTULO
Título del Material Don Goyo / Demetrio Aguilera Malta
260 ## - PUBLICACIÓN, DISTRIBUCIÓN, ETC. (PIE DE IMPRENTA)
Lugar de publicación, distribución, etc. Quito, Ecuador : Ariel
300 ## - DESCRIPCIÓN FÍSICA
Extensión 199 Pag
942 ## - TIPO DE MATERIAL (KOHA)
Tipo de Item KOHA Libros General
Existencias
Estado de Material Estado de Perdido Estado de Dañado No para Préstamo Colección Tomo Biblioteca de Origen Biblioteca Permanente Fecha de Adquisición Total de Préstamos Signatura Topográfica Código de Barras Última vez visto Ejemplar/Existencia Fecha de Remplazo Tipo de Material
        Colección General   Biblioteca FUSBC Biblioteca FUSBC 25/01/2005   G 863 A2846d 10266 12/12/2019 1 26/01/2016 Libros General

Biblioteca FUSBC | Teléfono: (57+4) 349 88 10 Ext. 141| WhatsApp (+57) 3005338115 
E-mail: biblioteca@unisbc.edu.co | Calle 76 87-14 Robledo Palenque, Medellín, Colombia

Con tecnología Koha